Focus (Record no. 82169)

MARC details
000 -LEADER
fixed length control field 00921cab a22002175a 4500
001 - CONTROL NUMBER
control field L149423
008 - FIXED-LENGTH DATA ELEMENTS--GENERAL INFORMATION
fixed length control field 100304e20100131xxkao f s 000 0 eng d
035 ## - SYSTEM CONTROL NUMBER
System control number (Sirsi) u149423
041 0# - LANGUAGE CODE
Language code of text/sound track or separate title eng
100 1# - MAIN ENTRY--PERSONAL NAME
Personal name Morrell, Liz
245 00 - TITLE STATEMENT
Title Focus
Remainder of title Hertfordshire
260 ## - PUBLICATION, DISTRIBUTION, ETC.
Date of publication, distribution, etc. 2010
490 ## - SERIES STATEMENT
Series statement Estates Gazette
Volume/sequential designation (1003) 23 January 2010, 65-75(8)
520 ## - SUMMARY, ETC.
Summary, etc. Retail development plans for Watford and Letchworth are being pushed forward while Hatfield's is on hold; controversy surrounds a proposed 3.5m sq ft rail-connected distribution park near St Albans due to environmental, noise, traffic congestion and rail capacity issues; table of the main towns' industrial markets in 2009; 4 large deals in 2009 disguise a difficult year.
590 ## - LOCAL NOTE (RLIN)
Local note KA
651 #4 - SUBJECT ADDED ENTRY--GEOGRAPHIC NAME
Geographic name Hertfordshire
690 ## - LOCAL SUBJECT ADDED ENTRY--TOPICAL TERM (OCLC, RLIN)
Topical term or geographic name as entry element PROPERTY-COMMERCIAL PROPERTY-COMMERCIAL PROPERTY MARKET
700 1# - ADDED ENTRY--PERSONAL NAME
Personal name Jack, Simon
700 1# - ADDED ENTRY--PERSONAL NAME
Personal name Robson, Claire
942 ## - ADDED ENTRY ELEMENTS (KOHA)
Suppress in OPAC 0
Holdings
Withdrawn status Lost status Source of classification or shelving scheme Damaged status Not for loan Home library Current library Shelving location Date acquired Total Checkouts Full call number Barcode Date last seen Copy number Price effective from Koha item type
    Dewey Decimal Classification     London London Journals 04/03/2010   L149423 L149423 06/08/2019 1 06/08/2019 Journal article